Рекомендации по обновлению систем качества; Методы менеджмента качества; № 12

Detalles Bibliográficos
Parent link:Методы менеджмента качества: научно-технический журнал/ Всероссийская организация качества (ВОК).— , 1999-.— 0130-6898
№ 12.— 2003.— С. 40-43
Autor principal: Литвиненко В. С.
Otros Autores: Плетнева Н. П.
Lenguaje:ruso
Publicado: 2003
Colección:Международные стандарты
Materias:
Formato: MixedMaterials Capítulo de libro
KOHA link:https://koha.lib.tpu.ru/cgi-bin/koha/opac-detail.pl?biblionumber=389536

MARC

LEADER 00000naa2a2200000 4500
001 389536
005 20231101063858.0
035 |a (RuTPU)RU\TPU\prd\21874 
090 |a 389536 
100 |a 20040127a2003 k y0rusy50 ca 
101 0 |a rus 
102 |a RU 
200 1 |a Рекомендации по обновлению систем качества  |f В. С. Литвиненко, Н. П. Плетнева 
225 1 |a Международные стандарты 
320 |a Библиогр.: 8 назв. 
461 1 |0 (RuTPU)RU\TPU\prd\1635  |x 0130-6898  |t Методы менеджмента качества  |o научно-технический журнал  |f Всероссийская организация качества (ВОК)  |d 1999- 
463 1 |0 (RuTPU)RU\TPU\prd\21157  |t № 12  |v С. 40-43  |d 2003 
610 1 |a системы качества 
610 1 |a рекомендации 
610 1 |a этапы 
610 1 |a менеджмент качества 
610 1 |a обновление 
610 1 |a обучение персонала 
700 1 |a Литвиненко  |b В. С. 
701 1 |a Плетнева  |b Н. П. 
801 1 |a RU  |b 63413507  |c 20040127  |g PSBO 
801 2 |a RU  |b 63413507  |c 20130520  |g RCR 
942 |c BK